Producing the goods (Record no. 74186)

MARC details
000 -LEADER
fixed length control field 01204cab a2200205 4500
001 - CONTROL NUMBER
control field ##ABS67521
008 - FIXED-LENGTH DATA ELEMENTS--GENERAL INFORMATION
fixed length control field 040301n2004 000 0 eng u
035 ## - SYSTEM CONTROL NUMBER
System control number (Sirsi) u125258
041 0# - LANGUAGE CODE
Language code of text/sound track or separate title eng
100 1# - MAIN ENTRY--PERSONAL NAME
Personal name Cowans, J.
245 00 - TITLE STATEMENT
Title Producing the goods
260 ## - PUBLICATION, DISTRIBUTION, ETC.
Date of publication, distribution, etc. 2004
490 #0 - SERIES STATEMENT
Series statement Inside Housing
Volume/sequential designation 21(5)6 February 2004, 24-25(2)
520 ## - SUMMARY, ETC.
Summary, etc. Asks whether REITs, possibly to be introduced in April 2005, will facilitate the creation of a new private rented sector?. Looks at previous attempts to boost private renting and develop the private rented sector: the original assured tenancies, business expansion schemes, housing investment trusts, buy-to-let and the corporate private rented sector such as the City Centre Apartments for Single People at Affordable Rent schemes. Suggests how a REIT might work in partnership with a housing association. Concludes that REITs would provide the tax-efficient approach that the property industry views as essential for a new corporate private rented sector to take off.
590 ## - LOCAL NOTE (RLIN)
Local note ABS
651 #4 - SUBJECT ADDED ENTRY--GEOGRAPHIC NAME
Geographic name United Kingdom
Chronological subdivision
690 ## - LOCAL SUBJECT ADDED ENTRY--TOPICAL TERM (OCLC, RLIN)
Topical term or geographic name as entry element PROPERTY-PROPERTY FINANCE AND INVESTMENT-REAL ESTATE INVESTMENT TRUSTS
700 ## - ADDED ENTRY--PERSONAL NAME
Personal name Bazlinton, C.
942 ## - ADDED ENTRY ELEMENTS (KOHA)
Suppress in OPAC 0
Holdings
Withdrawn status Lost status Source of classification or shelving scheme Damaged status Not for loan Home library Current library Shelving location Date acquired Total Checkouts Full call number Barcode Date last seen Copy number Price effective from Koha item type
    Dewey Decimal Classification     London London Journal article 01/03/2004   ABS67521 125258-1001 06/08/2019 1 06/08/2019 Journal article